000 00606nam a22001697a 4500
003 OSt
005 20171010095451.0
008 120627t xxu||||| |||| 00| 0 eng d
040 _aMMSU
_cULS
100 _aBadua, Kristine F.
_910820
245 _aPerception of news consumers on the news priorities of print and online version of Philippine Star
_cKristine F. Badua
260 _c2008
300 _axii, 122 leaves
_c28 cm.
500 _aThesis (AB English Studies) -- Mariano Marcos State University-College of Arts & Sciences, Batac City
504 _aBibliography: leaves 82-84
942 _2ddc
_cTHEDIS
999 _c9608
_d9608